| 000 -LEADER |
| fixed length control field |
01704 a2200301 4500 |
| 003 - CONTROL NUMBER IDENTIFIER |
| control field |
Nust |
| 005 - DATE AND TIME OF LATEST TRANSACTION |
| control field |
20221119161205.0 |
| 020 ## - INTERNATIONAL STANDARD BOOK NUMBER |
| International Standard Book Number |
0-521-81372-7 (inb.) |
| 020 ## - INTERNATIONAL STANDARD BOOK NUMBER |
| International Standard Book Number |
0-521-89067-5 (hft.) |
| 040 ## - CATALOGING SOURCE |
| Transcribing agency |
Nust |
| 082 0# - DEWEY DECIMAL CLASSIFICATION NUMBER |
| Classification number |
515.1,RIL |
| 100 1# - MAIN ENTRY--PERSONAL NAME |
| Personal name |
Riley, Kenneth Franklin |
| 9 (RLIN) |
103150 |
| 245 00 - TITLE STATEMENT |
| Title |
Mathematical methods for physics and engineering : |
| Remainder of title |
a comprehensive guide / |
| Statement of responsibility, etc. |
K.F. Riley, M.P. Hobson and S.J. Bence |
| 250 ## - EDITION STATEMENT |
| Edition statement |
2nd ed. |
| 260 ## - PUBLICATION, DISTRIBUTION, ETC. |
| Place of publication, distribution, etc. |
Cambridge : |
| Name of publisher, distributor, etc. |
Cambridge Univ. Press |
| Date of publication, distribution, etc. |
2002 |
| 300 ## - PHYSICAL DESCRIPTION |
| Extent |
xxiii, 1232 p |
| Other physical details |
ill. |
| 505 ## - FORMATTED CONTENTS NOTE |
| Formatted contents note |
Preliminary Algebra (Page-1), Preliminary Calculus (Page-42), Complex Number and Hyperbolic Functions (Page-86), Series and Limits (Page-118), Partial Differentiation (Page-154), Multiple Integrals (Page-190), Vector Algebra (Page-216), Matrices and Vector Spaces (Page-246), Normal Modes (Page-322), Vector Calculus (Page-340), Line Surface and Volume Integrals (Page-386), Fourier Series (Page-421), Integral Transforms (Page-439), First Order ordinary Differential Equations (Page-474), Higher Ordinary Differential Equations (Page-496), Series Solutions of Ordinary Differential Equations (Page-537), Eigen function Methods for Differential Equations (Page-581), Probability (Page-961), Statistics (Page-1064), Numerical Methods (Page-1148). |
| 650 #0 - SUBJECT ADDED ENTRY--TOPICAL TERM |
| Topical term or geographic name entry element |
Matematik (Teknik) |
| 9 (RLIN) |
103151 |
| 650 #0 - SUBJECT ADDED ENTRY--TOPICAL TERM |
| Topical term or geographic name entry element |
Matematisk analys |
| 9 (RLIN) |
103152 |
| 650 #0 - SUBJECT ADDED ENTRY--TOPICAL TERM |
| Topical term or geographic name entry element |
Matematisk fysik |
| 9 (RLIN) |
103153 |
| 650 #0 - SUBJECT ADDED ENTRY--TOPICAL TERM |
| Topical term or geographic name entry element |
Mathematical analysis |
| 650 #0 - SUBJECT ADDED ENTRY--TOPICAL TERM |
| Topical term or geographic name entry element |
Mathematical physics |
| 650 #0 - SUBJECT ADDED ENTRY--TOPICAL TERM |
| Topical term or geographic name entry element |
Mathematical physics |
| 9 (RLIN) |
103154 |
| 650 #0 - SUBJECT ADDED ENTRY--TOPICAL TERM |
| Topical term or geographic name entry element |
Mathematics (Engineering) |
| 9 (RLIN) |
103155 |
| 700 1# - ADDED ENTRY--PERSONAL NAME |
| Personal name |
Bence, Stephen John |
| 9 (RLIN) |
103156 |
| 700 1# - ADDED ENTRY--PERSONAL NAME |
| Personal name |
Hobson, Michael Paul |
| 9 (RLIN) |
103157 |
| 942 ## - ADDED ENTRY ELEMENTS (KOHA) |
| Source of classification or shelving scheme |
|
| Koha item type |
Book |
| Call number prefix |
515.1,RIL |